Message to Islam Report of Study Conf. (Record no. 1128)

MARC details
000 -LEADER
fixed length control field 00625nam a2200241 a 4500
020 ## - INTERNATIONAL STANDARD BOOK NUMBER
ISBN
082 00 - DEWEY DECIMAL CLASSIFICATION NUMBER
Classification number 269.2
Author Cutter JOY
100 ## - MAIN ENTRY--AUTHOR NAME
Author name Joycee, Raymond
245 ## - TITLE STATEMENT
Title Message to Islam Report of Study Conf.
260 ## - PUBLICATION, DISTRIBUTION, ETC. (IMPRINT)
Place of publication Beirut, Lebanon
Name of publisher Muslim World Evangelical Lit. Service
Year of publication 1969
300 ## - PHYSICAL DESCRIPTION
Number of Pages 80p
500 ## - GENERAL NOTE
General note includes index and biblioraphy
505 2# - FORMATTED CONTENTS NOTE
Formatted contents note Bibliography, Index
650 ## - SUBJECT ADDED ENTRY--TOPICAL TERM
Topical Term Evangelistic Work
942 ## - ADDED ENTRY ELEMENTS (KOHA)
Koha item type Books
700 1# -
-- Joycee, Raymond
Holdings
Collection code Home library Current library Date acquired Cost, normal purchase price Full call number Accession Number Koha item type
  Henry Martyn Institute Library Henry Martyn Institute Library 05/24/2005 0.00 269.2 JOY 03895 Books
                   Copyright © 2026 | Henry Martyn Institute | Hyderabad | TS-500052 | INDIA | Implemented by hmi.edu.in
Hit-Count:

Powered by Koha